| 000 | 00688nam a2200205 a 4500 | ||
|---|---|---|---|
| 001 | 3360 | ||
| 005 | 20140414131925.0 | ||
| 008 | 040603s19uu xx 00 eng d | ||
| 020 | _a0-689-71634-6 | ||
| 050 |
_aER _bP97 1986 |
||
| 100 | _aHest, Amy | ||
| 245 |
_aPurple coat (The) / _cAmy Hest ; pictures by Amy Schwartz. |
||
| 260 |
_aNew York : _bAladdin Paperbacks, _c1986. |
||
| 300 | _a1 v. (unp.) : ill. ; cm. | ||
| 520 | _aDespite her mother's reminder that "navy blue is what you always get," Gabby begs her tailor grandfather to make her a beautiful purple fal coat. | ||
| 650 |
_aCoats _xFiction. |
||
| 650 |
_aGrandfathers _xFiction. |
||
| 999 |
_c111975 _d111975 |
||